Представление документа в формате MARC21

ПолеНазваниеЗначение
  Тип записи a
  Библиографический уровень m
001 Контрольный номер RU\infra-m\znanium\bibl\2195140
005 Дата корректировки 20260429142112.0
008 Кодируемые данные 250902s2025 RU g rus u
020 Индекс ISBN __
a ISBN 978-5-16-020798-8
020 Индекс ISBN __
a ISBN 978-5-16-113452-8 (электр. издание)
040 Источник каталогиз. __
a Служба первич. каталог. Общество с ограниченной ответственностью «ЗНАНИУМ»
041 Код языка издания __
a Код языка текста rus
044 Код страны публикации __
a Код страны публикации RU
080 Индекс УДК __
a Индекс УДК 721.012(075.32)
084 Индекс другой классификации/Индекс ББК __
2 Источник индекса rubbk
a Индекс другой классификации/Индекс ББК 85.19я723
084 Индекс другой классификации/Индекс ББК __
2 Источник индекса okso
a Индекс другой классификации/Индекс ББК 54.02.01
100 Автор __
a Автор Малых Ю.Р.
q Полное имя Малых Юлия Рашидовна
u Дополнение Екатеринбургский колледж транспортного строительства
245 Заглавие __
a Заглавие Методы расчета основных технико-экономических показателей проектирования (дизайн)
b Продолж. заглавия Учебное пособие
c Ответственность Екатеринбургский колледж транспортного строительства
250 Сведения об издании __
a Основные сведения об издании 1
260 Выходные данные __
a Место издания Москва
b Издательство ООО "Научно-издательский центр ИНФРА-М"
c Дата издания 2026
300 Физическое описание __
a Объем 180 с.
440 Серия __
a Серия Среднее профессиональное образование
520 Аннотация __
a Аннотация В учебном пособии излагаются основные понятия и современные технико-экономические показатели дизайнерских проектов. Представлена методика расчета этих показателей. Рассмотрены вопросы бизнес-планирования и отличие бизнес-планов от технико-экономического обоснования проектов. Содержит примеры решения задач и тесты по каждой главе. Предназначено для студентов специальности «Дизайн (по отраслям)» всех форм обучения. Может быть полезно преподавателям экономических дисциплин.
521 Примеч. о цел. назн. __
a Примеч. о целев. назн. Среднее профессиональное образование
650 Тематические рубрики __
a Основная рубрика Архитектура. Искусство
x Основная подрубрика Дизайн
655 Указ. предметных рубрик (устаревшее) __
a Жанр/ форма (устаревшее) Учебное пособие
856 Электронный адрес документа 4_
a Имя сервера/домена znanium.ru
m Помощь ebs_support@infra-m.ru
n Местонахождение сервера НИЦ ИНФРА-М
u URL https://znanium.ru/catalog/document?id=469164
856 Электронный адрес документа 48
a Имя сервера/домена znanium.ru
d Путь /cover/2195
f Электронное имя 2195140.jpg
q Тип электронного формата image/jpeg
u URL https://znanium.ru/cover/2195/2195140.jpg
911 __
u 0030=https://znanium.ru/catalog/document?id=469164